The heritage of symbolism / (Record no. 64641)
[ view plain ]
| 000 -LEADER | |
|---|---|
| fixed length control field | 00967nam a2200313 a 4500 |
| 001 - CONTROL NUMBER | |
| control field | 64641 |
| 003 - CONTROL NUMBER IDENTIFIER | |
| rucl marc code | BD-RjUL |
| 005 - DATE AND TIME OF LATEST TRANSACTION | |
| control field | 20211209081330.0 |
| 008 - FIXED-LENGTH DATA ELEMENTS--GENERAL INFORMATION | |
| fixed length control field | 170216r19541943enk 001 0 eng d |
| 035 ## - SYSTEM CONTROL NUMBER | |
| System control number | (BD-RjUL)64771 |
| System control number | (OCoLC)08176331 |
| System control number | GLIS00525537 |
| 040 ## - CATALOGING SOURCE | |
| Original cataloging agency | CUI |
| Transcribing agency | CUI |
| Modifying agency | BD-RjUL |
| Language of cataloging | eng |
| 041 ## - LANGUAGE CODE | |
| Language code of text/sound track or separate title | eng |
| 082 ## - DEWEY DECIMAL CLASSIFICATION NUMBER | |
| Edition number | 23 |
| Classification number | 809.915 |
| Author mark and year | BOH 1954 |
| 090 ## - LOCALLY ASSIGNED LC-TYPE CALL NUMBER (OCLC); LOCAL CALL NUMBER (OCLC) | |
| Classification number (OCLC) (R) ; Classification number, CALL (RLIN) (NR) | PN1271 |
| Local cutter number (OCLC) ; Book number/undivided call number, CALL (RLIN) | .B788 |
| 099 ## - LOCAL FREE-TEXT CALL NUMBER (OCLC) | |
| Bangla Class number | PN1271.B788 |
| 100 1# - MAIN ENTRY--PERSONAL NAME | |
| Personal name | Bowra, C. M. |
| Fuller form of name | (Cecil Maurice), |
| Dates associated with a name | 1898-1971. |
| 9 (RLIN) | 187971 |
| 245 14 - TITLE STATEMENT | |
| Title | The heritage of symbolism / |
| Statement of responsibility, etc. | by C. M. Bowra. |
| 250 ## - EDITION STATEMENT | |
| Edition statement | 1st ed. |
| 260 ## - PUBLICATION, DISTRIBUTION, ETC. (IMPRINT) | |
| Place of publication, distribution, etc. | London : |
| Name of publisher, distributor, etc. | Macmillan, |
| Date of publication, distribution, etc. | 1943 [Reprinted 1954] |
| 300 ## - PHYSICAL DESCRIPTION | |
| Pagination | vii, 231, [1] p. ; |
| Size | 23 cm. |
| 500 ## - GENERAL NOTE | |
| General note | Includes index. |
| 505 0# - FORMATTED CONTENTS NOTE | |
| Formatted contents note | Paul Val�ry. -- Rainer Maria Rilke. -- Stefan George. -- Alexander Blok. -- William Butler Yeats. -- Conclusion. |
| 650 #0 - SUBJECT ADDED ENTRY--TOPICAL TERM | |
| Topical term or geographic name as entry element | Poetry. |
| 9 (RLIN) | 184187 |
| Topical term or geographic name as entry element | Symbolism in literature. |
| 9 (RLIN) | 187232 |
| 942 ## - ADDED ENTRY ELEMENTS (KOHA) | |
| Source of classification or shelving scheme | Dewey Decimal Classification |
| Koha item type | Books |
| 949 ## - LOCAL PROCESSING INFORMATION (OCLC) | |
| a | MYGH |
| Lost status | Source of classification or shelving scheme | Damaged status | Not for loan | Collection code | Permanent Location | Current Location | Shelving location | Date acquired | Source of acquisition | Cost, normal purchase price | Total Checkouts | Full call number | Date last seen | Copy number | Koha item type |
|---|---|---|---|---|---|---|---|---|---|---|---|---|---|---|---|
| Dewey Decimal Classification | Not For Loan | Non-fiction | Central Library, University of Rajshahi | Central Library, University of Rajshahi | Reading Room | 13/06/1955 | Allies Book Corporation. | 8.70 | 809.915 BOH 1954 | 16/02/2017 | C-1 | Books |